| 000 | 00662nam a22002057a 4500 | ||
|---|---|---|---|
| 999 |
_c17850 _d17850 |
||
| 003 | OSt | ||
| 005 | 20230120150426.0 | ||
| 008 | 230120b ||||| |||| 00| 0 eng d | ||
| 040 | _c0 | ||
| 082 | _aDPer 370.5 M720 June - December 2017 v66 no. 1-7 | ||
| 100 |
_aSabando, Diana R. _eauthor. _947445 |
||
| 245 |
_aRaising the status of our teachers / _cDiana R. Sabando |
||
| 260 |
_aPhilippines : _b Papi Publishers, Inc., _cOctober 2017. |
||
| 300 | _avolume 66, page 163. | ||
| 650 |
_aTeachers-Salaries, wages, etc. _947446 |
||
| 650 |
_aTeachers. _947447 |
||
| 650 |
_aBenefits. _947448 |
||
| 700 |
_aSabando, Diana R. _eauthor. _947445 |
||
| 942 |
_2ddc _cPER |
||